Normal view
MARC view
- Dominique Byron
Entry Personal Name
001 - CONTROL NUMBER
- control field: 87270
003 - CONTROL NUMBER IDENTIFIER
- control field: OSt
005 - DATE AND TIME OF LATEST TRANSACTION
- control field: 20260227092346.0
008 - FIXED-LENGTH DATA ELEMENTS
- fixed length control field: 260227|| aca||aabn | a|a d
040 ## - CATALOGING SOURCE
- Original cataloging agency: OSt
- Transcribing agency: OSt
100 ## - HEADING--PERSONAL NAME
- Personal name: Dominique Byron
670 ## - SOURCE DATA FOUND
- Source citation: Work cat.: (OSt)50222: James, Alice. 83623, 100 things to know about sport / , 2024.